Deutsche Supermärkte - Statistiken

Allgemein
  • Dieses Quiz wurde 920 mal gespielt
  • Das Durchschnittsergebnis liegt bei 8 aus 10
Antwortstatistiken
Ranking Antworten % Korrekt
5 Aldi Nord
98%
6 Aldi Süd
98%
1 Rewe
97%
2 Lidl
95%
3 Edeka
93%
7 Netto
83%
8 Penny
80%
4 Kaufland
75%
10 Norma
52%
9 Real
40%
Keine übereinstimmenden Quizze gefunden
Verteilung der Resultate
Anzahl Personen mit jedem Resultat
Perzentil nach korrekt beantworteten Fragen
Ihre Resultats-Entwicklung
Sie haben dieses Quiz noch nicht gespielt